Let's listen: teacher's book

Αποθηκεύτηκε σε:
Λεπτομέρειες βιβλιογραφικής εγγραφής
Κύριοι συγγραφείς: McClintock, John (autor), Stern, Borje (Συγγραφέας)
Μορφή: Βιβλίο
Γλώσσα:Αγγλικά
Έκδοση: Londres Heinemann Educational Books 1980
Θέματα:
Ετικέτες: Προσθήκη ετικέτας
Δεν υπάρχουν, Καταχωρήστε ετικέτα πρώτοι!

MARC

LEADER 00000cam a2200000 a 4500
001 UCG9375
003 CL-VaPUC
008 120309e19800000UK |||||||||||||||||eng|d
020 |a 0435285386 
082 0 4 |a 372.6521  |b MCC  |2 21 
100 |a McClintock, John  |e autor  |9 560908 
700 0 |a Stern, Borje  |e author  |9 560909 
245 1 0 |a Let's listen: teacher's book 
300 |a 94 p 
942 |c BK 
945 |d 20120309 00:00:00  |a dcastane 
260 |a Londres  |b Heinemann Educational Books  |c 1980 
650 0 |a Lengua inglesa  |9 318842 
650 0 |a Enseñanza del inglés  |9 367340 
650 0 |a Libros de texto  |9 270019 
650 0 |a Educación lingüística  |9 306506 
583 |a last modification  |c 20120309 14:21:00  |k Rodrigo Vera 
999 |c 346932  |d 346930 
952 |0 0  |1 0  |4 0  |6 372_652100000000000_MCC_1980  |7 0  |8 P  |9 447889  |a BIBEDU  |b BIBEDU  |c BIBEDU_PB  |d 2019-11-22  |i 4841735  |o 372.6521 MCC 1980  |p 4841735  |r 2024-01-25  |w 2019-11-22  |y BK  |k LIT